Southville International School and Colleges
Your cart is empty.
  • Cart
  • Lists
    Public lists Eva Luna New books Lux_list list_1
    Your lists Log in to create your own lists
  • Log in to your account
  • Your cookies
  • Search history
Southville International School and Colleges
  • Advanced search
  • Recent comments
  • Most popular
  • Libraries

Log in to your account

Log in with GOOGLE


If you do not have an external account, but do have a local account, you can still log in:

  1. Home
  2. MARC view: Library management
Normal view MARC view ISBD view

Library management (Record no. 6500)

[ view plain ]
MARC details
000 -LEADER
fixed length control field 00537nam a22002057a 4500
003 - CONTROL NUMBER IDENTIFIER
control field OSt
005 - DATE AND TIME OF LATEST TRANSACTION
control field 20140310181910.0
008 - FIXED-LENGTH DATA ELEMENTS--GENERAL INFORMATION
fixed length control field 130712t xxu||||| |||| 00| 0 eng d
020 ## - INTERNATIONAL STANDARD BOOK NUMBER
International Standard Book Number 8171694578
050 ## - LIBRARY OF CONGRESS CALL NUMBER
Classification number Z 678
Item number .K92 1997
082 ## - DEWEY DECIMAL CLASSIFICATION NUMBER
Classification number TR 025.1
Item number K89 1997
245 ## - TITLE STATEMENT
Title Library management
Statement of responsibility, etc R. Krishnamurthy
260 ## - PUBLICATION, DISTRIBUTION, ETC. (IMPRINT)
Place of publication, distribution, etc New Delhi :
Name of publisher, distributor, etc Commonwealth Pub,
Date of publication, distribution, etc c1997.
300 ## - PHYSICAL DESCRIPTION
Extent 317 p. :
Dimensions 22 cm.
520 ## - SUMMARY, ETC.
Summary, etc 1. Libraries--Administration.
521 ## - TARGET AUDIENCE NOTE
Target audience note
541 ## - IMMEDIATE SOURCE OF ACQUISITION NOTE
-- 1
562 ## - COPY AND VERSION IDENTIFICATION NOTE
Number of copies 1
942 ## - ADDED ENTRY ELEMENTS (KOHA)
Source of classification or shelving scheme Library of Congress Classification
Koha item type
Call number prefix
Holdings
Withdrawn status Lost status Source of classification or shelving scheme Damaged status Home library Current library Shelving location Date acquired Total Checkouts Full call number Barcode Date last seen Copy number Price effective from Koha item type
    Library of Congress Classification   Luxembourg Library Luxembourg Library Teachers Reference Section 07/12/2013   Z 678 .K92 1997 7406 08/13/2013 1 07/12/2013 Books

Library management

APA

(1997). Library management. New Delhi: Commonwealth Pub.

Chicago

1997. Library management. New Delhi: Commonwealth Pub.

Harvard

(1997). Library management. New Delhi: Commonwealth Pub.

MLA

Library management. New Delhi: Commonwealth Pub. 1997.

  • Place hold
  • Print
  • Cite
  • Add to your cart (remove)
  • Save record
    BIBTEX Dublin Core MARCXML MARC (non-Unicode/MARC-8) MARC (Unicode/UTF-8) MARC (Unicode/UTF-8, Standard) MODS (XML) RIS
  • More searches
    Search for this title in:
    Other Libraries (WorldCat) Other Databases (Google Scholar) Online Stores (Bookfinder.com) Open Library (openlibrary.org)

Exporting to Dublin Core...

SOUTHVILLE LIBRARY

Southville International School and Colleges Library

1281 Tropical Ave. Cor. Luxembourg St., BF Homes International, Las Pinas City

Tel. No. 8256374 / 252358 Loc. 117/146

Powered by Koha